00898nam a22002537a 450000500170000001000130001702000100003003500130004003700160005304000120006908200110008124501130009226000380020527000390024330000230028250000400030565000530034565000420039870000250044070000200046594200200048599900190050595201200052420170124110128.0 aA-728295 c95.00 aA-728295 bCen Lib/Ret aDPLbEN aSbIMA aImagining America short stories :cedited by Wesley Brown [and] Amy Lingban anthology of american fiction / aNew DelhibUBSPD Publishersc1991 a5, Ansari Road bNew Delhie110002 ax,184p. c22cm(Hb) aIncludes bibliographical reference  aShort stories -American -Minority Authors931753 aNational Immigrataion- Fiction931754 aBrown,Wesley 992333 aAmy Ling931755 2ddccENhSmIMG c131436d131436 01104070aLbLd2015-07-14eCen Lib/Retg95.00l0oS IMApA-728295r2015-07-14 00:00:00t1v95.00w2015-07-14yEN